| 000 | 00928nam a2200253Ia 4500 | ||
|---|---|---|---|
| 001 | Para_9164 | ||
| 003 | OSt | ||
| 005 | 20221010134214.0 | ||
| 008 | 220602s9999 xx 000 0 und d | ||
| 020 | _a978-0-12-372557-8 | ||
| 040 | _aCHAP | ||
| 082 | _aPA 635.52 B523 | ||
| 100 |
_aBlancard, Dominique _913053 |
||
| 245 | _aA color atlas of diseases of lettuce and related salad crops: observation, biology and control/ by Dominique Blancard, Hervé Lot and Brigitte Maisonneuve | ||
| 260 | _aEstados Unidos de América : INRA editions | ||
| 300 | _a375 p. | ||
| 503 | _aI.259972 (ej.2) | ||
| 650 |
_aLechuga - enfermedades \ Lechuga - crecimiento \ Lechuga - fisiologia y morfología _9185025 |
||
| 700 |
_aLot Hervé, coaut. \ Maisonneuve Brigitte, coaut.Ì _9185026 |
||
| 901 | _aPA 635.52 B523 | ||
| 902 | _aM | ||
| 905 | _a5232202006 -usadn 8000000300eng06 | ||
| 942 |
_cLIBRO _2ddc |
||
| 999 |
_c217212 _d217212 |
||